000 00374 a2200133 4500
000 nam a22 7a 4500
100 _aAlmeida-Souza, Fernando
110 _aAlmeida-Souza, Fernando
245 _aFungi Diversity, Ecology and Biotechnological Applications
250 _aLatest edition
260 _bRadiant Pages
_c2026
264 _bRadiant Pages
_c2026
942 _cBK
999 _c396057
_d396057